00621nam a2200193Ia 4500008004100000020001500041041000800056082001700064100003500081245003000116250000600146260004400152300001200196440000800208650002600216700003500242999001900277952013100296210716s2006 xx 000 0 und d a8178812150 aeng a658.162 SEEK aSeethapathi, K and Murty, GRK. aMergers and acquisitions. a1 aHyderabadbICFAI University Pressc2006 aiii,203 vIII aMergers & Acqusitions aSeethapathi, K and Murty, GRK. c202388d202388 00102ddc40738MBAaAIMITbAIMITd2008-03-03g375.00l0o658.162 SEEKpMBA04954r2025-07-21 00:00:00v187.50w2021-07-16yBK